000 00434nam a22001457a 4500
082 _a624.1701512943
_bKAN
_cL-N, P-02
100 _aKanchi, madhu .b.
_946231
245 _aMatrix methods of structural Analysis
_bMadhu b. kanchi
250 _a2nd ed.
260 _aNew york.
_bJohn wiley & sons.
_cc1993.
300 _axii, 561 p.
_bill.
_c36 cm.
526 _a0
_b0
_c0
_d624_170151294300000_KAN
650 _aMCE
_9379
942 _2ddc
_cBK
999 _c549589
_d549589